00661nam a2200205 i 4500001000300000100001700003245011300020260003900133300001200172700001500184700001700199040000800216041000800224080001200232942000700244008004100251999001700292856009800309952004800407bg1 aGREEN, A. E. 0aThe Nuclear Independent Particle Model. The Shell and Optical Models /cA. E. Green, T. Sawada, D. S. Saxon. aNew York :bAcademic Press,c1968. as. 363.1 aSAWADA, T.1 aSAXON, D. S. cBPK apol a621.039 cKS s pl f |000 0 pol  c12422d12422 uhttp://koha.tu.koszalin.pl/cgi-bin/koha/opac-detail.pl?biblionumber=12422yKatalog online BPK 00104070aBPKbBPKcwo6863p01784886yKS